Architecture and identity : (Record no. 9671)
[ view plain ]
| 000 -LEADER | |
|---|---|
| fixed length control field | 00861cam a2200253 i 4500 |
| 003 - CONTROL NUMBER IDENTIFIER | |
| control field | AE-DuALZ |
| 008 - FIXED-LENGTH DATA ELEMENTS--GENERAL INFORMATION | |
| fixed length control field | 161012s2017 enka g b 001 0 eng d |
| 020 ## - INTERNATIONAL STANDARD BOOK NUMBER | |
| International Standard Book Number | 9781138206557 (hbk) |
| 020 ## - INTERNATIONAL STANDARD BOOK NUMBER | |
| International Standard Book Number | 9781138206564 (pbk) |
| 040 ## - CATALOGING SOURCE | |
| Original cataloging agency | AE-ALZAD |
| Transcribing agency | AE-ALZAD |
| 050 00 - LIBRARY OF CONGRESS CALL NUMBER | |
| Classification number | NA2500 |
| Item number | .A392 2017 |
| 100 1# - MAIN ENTRY--PERSONAL NAME | |
| Personal name | Abel, Chris. |
| 9 (RLIN) | 11789 |
| 245 10 - TITLE STATEMENT | |
| Title | Architecture and identity : |
| Remainder of title | responses to cultural and technological change / |
| Statement of responsibility, etc. | Chris Abel. |
| 250 ## - EDITION STATEMENT | |
| Edition statement | 3rd ed. |
| 260 ## - PUBLICATION, DISTRIBUTION, ETC. | |
| Place of publication, distribution, etc. | Abingdon, Oxon ; |
| -- | New York, NY : |
| Name of publisher, distributor, etc. | Routledge, |
| Date of publication, distribution, etc. | 2017. |
| 300 ## - PHYSICAL DESCRIPTION | |
| Extent | 398 p. : |
| Other physical details | ills ; |
| Dimensions | 25 cm. |
| 504 ## - BIBLIOGRAPHY, ETC. NOTE | |
| Bibliography, etc. note | Includes bibliographical references (pages [371]-386) and index. |
| 590 ## - LOCAL NOTE (RLIN) | |
| Local note | LB-AJLLC-9098 |
| 650 #0 - SUBJECT ADDED ENTRY--TOPICAL TERM | |
| Topical term or geographic name entry element | Architecture and philosophy. |
| 650 #0 - SUBJECT ADDED ENTRY--TOPICAL TERM | |
| Topical term or geographic name entry element | Architecture |
| General subdivision | Environmental aspects. |
| 650 #0 - SUBJECT ADDED ENTRY--TOPICAL TERM | |
| Topical term or geographic name entry element | Regionalism in architecture. |
| 650 #0 - SUBJECT ADDED ENTRY--TOPICAL TERM | |
| Topical term or geographic name entry element | Identity (Psychology) |
| 942 ## - ADDED ENTRY ELEMENTS (KOHA) | |
| Source of classification or shelving scheme | Library of Congress Classification |
| Koha item type | Books |
| Withdrawn status | Lost status | Source of classification or shelving scheme | Damaged status | Not for loan | Home library | Current library | Shelving location | Date acquired | Total Checkouts | Full call number | Date last seen | Copy number | Price effective from | Koha item type |
|---|---|---|---|---|---|---|---|---|---|---|---|---|---|---|
| Library of Congress Classification | Jameel Library | Jameel Library | General Stacks | 02/25/2025 | NA2500 .A392 2017 | 02/25/2025 | C. 1 | 02/25/2025 | Books |